000 00798nam a2200217Ia 4500
003 GCL
008 140319s9999 xx 000 0 ara d
040 _aGCL /
_cGCL
082 0 4 _a811.6
_bم د
100 1 _aطه حسين
245 1 0 _aديوان المعتمد بن عباد: ملك اشبيلية /
_cطه حسين
700 1 _aاحمد احمد بدوى
700 1 _aحامد عبدالمجيد
700 1 _aالمعتمد بن عباد : ابوالقاسم محمد بن عباد بن محمد بن اسماعيل اللمى
300 _a136 ص
490 _aالهيئة العامة للاستعلامات
_v0
650 0 4 _aالشعر العربى
650 0 4 _aالشعر الاندلسى
650 0 4 _aالشعر العربى - العصر الاندلسى
942 _2ddc
_cBK
999 _c51915
_d51915